1221 1860 1460 1169 1232 1049 1673 1235 1316 1382 1705 1104 1107 1331 1258 1732 1355 1869 1397 1383 1463 1408 1759 1474 1806 1338 1477 1492 1367 1032 1358 1104 1355 1529 1010 1382 1346 1610 1433 1180 1940 1750 1961 1000 1064 1953 1796 1136 1030 1904 1579 1514 1075 1029 1207 1747 1728 1562 1739 1016 1595 1226 1027 1542 1029 1098 1731 1533 1737 1315 1772 1090 1559 1189 1215 1100 1176 1202 1690 1261 1189 1326 1972 1727 1421 1653 1103 1694 1396 1959 1089 1422 1386 1468 1367 1796 1088 1477 1982 BCNSPRNW ULIB Ver.6.0+V

เปลี่ยนเป็นภาษาไทย

Change to English
 แสดงรายละเอียดบรรณานุกรม
  กลับหน้าหลัก

Brief Record : Get Marc (ISO 2709) : E-mail record : QR code < ปิดหน้าต่าง
LEADER : 00000nam 2200000uu 4500
001    13399122109
003     ULIB
008    121226s2551||||th 000 0 tha d
099    ^aวจ.LB1179^bจ322ก
100 0  ^aจารุณี จาดพุ่ม และ พิมพรรณ รัตนโกมล
245 00 ^aการศึกษาพฤติกรรมการปฏิบัติตามจรรยาบรรณครูของคณาจารย์ วิทยาลัยพยาบาลบรมราชชนนี ชัยนาท/^cจารุณี จาดพุ่ม และ พิมพรรณ รัตนโกมล
260    ^aชัยนาท:^bวิทยาลัยพยาบาลบรมราชชนนี ชัยนาท,^c2551
300    ^a83 หน้า
650  7 ^a จรรยาบรรณครู^xวิจัย
710 2  ^aกระทรวงสาธารณสุข.^bสถาบันพระบรมราชนก.^bวิทยาลัยพยาบาลบรมราชชนนี สวรรค์ประชารักษ์ นครสวรรค์.
945    ^p0^l0^i026519
995    ^a เกษร
999    ^aวิภา
รายการนี้ยังไม่มีแท็ก
คุณยังไม่ได้ล็อกอิน คุณสามารถมีกิจกรรมร่วมกับเว็บไซต์ได้ แต่ต้องล็อกอินก่อน ::
  ล็อกอิน

รายการสื่อสารสนเทศ

ลำดับที่ ประเภท เลขเรียก/บาร์โค้ด สถานที่ สถานะ
1. งานวิจัย
งานวิจัย
วจ.LB1179 จ322ก  
  Barcode: 026519
ห้องสมุดวิทยาเขตสวรรค์ประชารักษ์
►วิจัย
บนชั้น

BibComment


ยังไม่เคยถูกคอมเมนท์

คอมเมนท์ทรัพยากรรายการนี้
  คอมเมนท์: การศึกษาพฤติกรรม..


 Copyright 2026. Bcnsprnw @Library